00539nam a22001697a 4500003000400000005001700004008004100021020001800062040006600080050002100146245002100167260004900188300003100237500005400268630002000322650002700342OSt20240103153149.0240103b |||||||| |||| 00| 0 eng d a9789966480606 aAIU Library - KenyacAIU Library - KenyadAIU Library - Kenya aBS 325b.S8 1990 aEbibilia Enchenu aNairobi : bBible Society of Kenya, cc1990. a1189, 354, [4] p. b22 cm. aTitle on t.p. verso: Bible in Ekegusii [Africana] aBible. lGusii. aGusii languagevTexts.